Traduction en Espagnol - Thème Animaux - Statistiques

Statistiques générales
  • Ce quiz a été pris 10 fois
  • Le résultat moyen est 41 sur 180
Statistiques - réponses
Français Espagnol % Correct
Anaconda Anaconda
88%
Boa Boa
88%
Bonobo Bonobo
88%
Chat Gato
88%
Alligator Aligátor
75%
Éléphant Elefante
75%
Koala Koala
75%
Lion León
75%
Chien Perro
75%
Abeille Abeja
63%
Albatros Albatros
63%
Baleine Ballena
63%
Baleine bleue Ballena azul
63%
Cheval Caballo
63%
Cobra Cobra
63%
Colibri Colibrí
63%
Dauphin Delfín
63%
Iguane Iguana
63%
Impala Impala
63%
Moustique Mosquito
63%
Orque Orca
63%
Araignée Araña
50%
Barracuda Barracuda
50%
Béluga Beluga
50%
Chèvre Cabra
50%
Caïman Caimán
50%
Calamar Calamar
50%
Castor Castor
50%
Cochon Cerdo
50%
Condor Cóndor
50%
Dingo Dingo
50%
Insectes Insectos
50%
Jaguar Jaguar
50%
Girafe Jirafa
50%
Léopard Leopardo
50%
Loup Lobo
50%
Méduse Medusa
50%
Canard Pato
50%
Poisson Pez
50%
Tigre Tigre
50%
Âne Burro
38%
Caracal Caracal
38%
Carpe Carpa
38%
Chacal Chacal
38%
Lapin Conejo
38%
Cormoran Cormorán
38%
Coyote Coyote
38%
Poule Gallina
38%
Coq Gallo
38%
Gecko Gecko
38%
Hamster Hámster
38%
Marmotte Marmota
38%
Singe Mono
38%
Narval Narval
38%
Puma Puma
38%
Grenouille Rana
38%
Saumon Salmón
38%
Sardine Sardina
38%
Serpent Serpiente
38%
Requin Tiburón
38%
Taureau Toro
38%
Tortue Tortuga
38%
Aigle Águila
25%
Anguille Anguila
25%
Antilope Antílope
25%
Crabe Cangrejo
25%
Crocodile Cocodrilo
25%
Scorpion Escorpión
25%
Gorille Gorila
25%
Hippopotame Hipopótamo
25%
Fourmi Hormiga
25%
Libellule Libélula
25%
Brebis Oveja
25%
Panthère Pantera
25%
Dindon Pavo
25%
Pélican Pelícano
25%
Piranha Piraña
25%
Python Pitón
25%
Toucan Tucán
25%
Alpaga Alpaca
13%
Amphibiens Anfibios
13%
Écureuil Ardilla
13%
Thon Atún
13%
Crevette Camarón
13%
Chameau Camello
13%
Capybara Capibara
13%
Escargot Caracol
13%
Bélier Carnero
13%
Zèbre Cebra
13%
Zébu Cebú
13%
Corbeau Cuervo
13%
Dromadaire Dromedario
13%
Flamant Flamenco
13%
Guépard Guepardo
13%
Lama Llama
13%
Perroquet Loro
13%
Macaque Macaco
13%
Mammifères Mamíferos
13%
Mollusques Moluscos
13%
Orang-outan Orangután
13%
Pigeon Paloma
13%
Pangolin Pangolín
13%
Pieuvre Pulpo
13%
Souris Ratón
13%
Renne Reno
13%
Reptiles Reptiles
13%
Salamandre Salamandra
13%
Crapaud Sapo
13%
Wombat Wómbat
13%
Yack Yak
13%
Bourdon Abejorro
0%
Pingouin Alca
0%
Élan Alce
0%
Oiseau Ave
0%
Autruche Avestruz
0%
Frelon Avispón
0%
Limace Babosa
0%
Babouin Babuino
0%
Morue Bacalao
0%
Bison Bisonte
0%
Hibou Búho
0%
Vautour Buitre
0%
Buse Busardo
0%
Hippocampe Caballito de mar
0%
Calamar géant Calamar gigante
0%
Kangourou Canguro
0%
Mésange Carbonero
0%
Cétacés Cetáceos
0%
Chimpanzé Chimpancé
0%
Cerf Ciervo
0%
Cigale Cigarra
0%
Cigogne Cigüeña
0%
Cygne Cisne
0%
Cochon d'Inde Cobaya
0%
Ragondin Coipú
0%
Crustacés Crustáceos
0%
Émeu Emú
0%
Équidés Équidos
0%
Hérisson Erizo
0%
Esturgeon Esturión
0%
Faisan Faisán
0%
Daim Gamo
0%
Oie Ganso
0%
Fouine Garduña
0%
Héron Garza
0%
Épervier Gavilán
0%
Mouette Gaviota
0%
Gibbon Gibón
0%
Hirondelle Golondrina
0%
Ara Guacamayo
0%
Ver Gusano
0%
Faucon Halcón
0%
Faucon pèlerin Halcón peregrino
0%
Bouquetin Íbice
0%
Sanglier Jabalí
0%
Lézard Lagarto
0%
Homard Langosta
0%
Langouste Langosta marina
0%
Chouette Lechuza
0%
Lémurien Lémur
0%
Lynx Lince
0%
Otarie Lobo marino
0%
Lamantin Manatí
0%
Raton laveur Mapache
0%
Murène Morena
0%
Loutre Nutria
0%
Ornithorynque Ornitorrinco
0%
Grizzly Oso grizzly
0%
Paon Pavo real
0%
Manchot Pingüino
0%
Porc-épic Puercoespín
0%
Rhinocéros Rinoceronte
0%
Rongeurs Roedores
0%
Rossignol Ruiseñor
0%
Suricate Suricata
0%
Mygale Tarántula
0%
Blaireau Tejón
0%
Ouistiti Tití
0%
Truite Trucha
0%
Vipère Víbora
0%
Aucun quiz correspondant
Distribution des résultats
% des personnes avec chaque résultat
Percentile par nombre de réponses
Votre historique - résultats
Vous n’avez pas pris ce quiz